| 000 | 00946cam a22003017a 4500 | ||
|---|---|---|---|
| 003 | CHAP | ||
| 005 | 20220329135050.0 | ||
| 008 | 971013s1959 r 00010 d | ||
| 010 | _a30369 | ||
| 011 | _a31341 | ||
| 035 | _a35453 | ||
| 040 | _cCHAP | ||
| 090 | _aTesis | ||
| 100 | 0 | 0 |
_aCorona Rentería, Alfonso. _928124 |
| 245 | 1 | 3 | _aLa planeación económica, con especial referencia a los problemas regionales |
| 260 |
_aMéxico, D.F. : _bEl autor, _c1959 |
||
| 300 | _a171 p. | ||
| 502 | _aTesis (Lic. en Economía) -- UNAM. Escuela Nacional de Economía | ||
| 590 |
_aALEPH _b10 _c20130110 _lUCH01 _h1252 |
||
| 590 |
_aBATCH-UPD _b10 _c20130110 _lUCH01 _h0932 |
||
| 590 |
_aBATCH-UPD _b10 _c20130410 _lUCH01 _h0551 |
||
| 590 |
_aBATCH-UPD _b10 _c20130914 _lUCH01 _h1050 |
||
| 590 |
_aCONVERSION _b10 _c20130109 _lUCH01 _h1317 |
||
| 650 | 1 | 4 |
_aPlaneación. _988697 |
| 901 | _aBK | ||
| 942 | _cTESIS | ||
| 949 |
_bBC _cTES _d-81949 _eTS1 _i35453 _si |
||
| 999 |
_c30369 _d30369 |
||